000 00624nam a22002417a 4500
003 UA-OsUOA
001 78727
007 ta
008 20111018b un ||||| |||| 00| 0 ukr d
100 _aИльф И.
700 _aПетров Е.
090 _a821.161.1
_bИ48
942 _cBK
040 _aUA-OsUOA
_brus
_cUA-OsUOA
_dUA-OsUOA
245 _aДвенадцать стульев
300 _a303 с.
955 _a3
041 _arus
080 _a821.161.1
260 _aМ.
_bВысшая школа
_c1982
650 7 _a82 Література. Літературознавство
_2UDC
999 _c365053
_d365053